| 000 | nam a22 7a 4500 | ||
|---|---|---|---|
| 999 |
_c49934 _d49934 |
||
| 003 | OSt | ||
| 005 | 20200319113425.0 | ||
| 008 | 200319b xxu||||| |||| 00| 0 eng d | ||
| 040 | _cSERO SOFT | ||
| 100 | _aRATHOR LATA KUSUM | ||
| 245 | _aCHITTRAKALA, NATYAKALA , SANGIT AVAM NRITYAKALA KA ADHAPAN | ||
| 250 | _aNEW | ||
| 260 |
_aMEERUT _bR.LALL |
||
| 300 | _a268 | ||
| 942 |
_2ddc _c01 |
||